000 01001ntm a2200253 a 4500
001 75572
003 BD-RjUL
005 20211209082718.0
008 190427s2017 bg a|||| bm|| 00| 0 eng d
035 _a(BD-RjUL)75790
040 _aBD-RjUL
_beng
_cBD-RjUL
_dBD-RjUL
041 _aeng
082 _223
_a547.704545
_bSHP 2017
100 1 _aShabnam, Rukhsana
_9229789
245 1 0 _aPreparation and Characterization of Hydrophobic Polymer particles and their surface modification with functional groups /
_cby Rukhsana Shabnam ;
_6Supervisor: Hasan Ahmad, M. A. Jalil Miah
260 _aRajshahi :
_bDepartment of Chemistry, R. U. ,
_c2017
300 _axxi, 276 leaves :
_bIll. ;
_c30 cm.
502 _aThesis (Ph. D.) -- Department of Chemistry, R. U. , 2017
504 _aIncludes References at the end of each chapter.
650 _aPolymer colloids Chemistry
_935091
700 _aAhmad, Hasan, Supervisor
_9231237
700 _aMiah, M. A. Jalil, jt. Supervisor
_9231238
942 _2ddc
_cTHE
999 _c75572
_d75572